000
00459nam a2200181Ia 4500
008
090124s9999 xx 000 0 und d
082
_b
122659
100
_a
थोरे अशोक
245
_a
रुप महाल
250
_a
1
260
_c
1988
300
_a
176
600
_a
थोरे अशोक
630
_a
रुप महाल
700
_a
थोरे अशोक
730
_a
रुप महाल
942
_c
BOOK
999
_c
168745
_d
168745